banner koha

Atresia anal com fístula retovaginal em ovino: relato de caso (Registro n. 300551)

MARC details
000 -LÍDER
fixed length control field 02588nab a2200361 i 4500
003 - CÓDIGO MARC DA AGÊNCIA CATALOGADORA
Campo de controle BR-BrBNA
005 - DATA E HORA DA ÚLTIMA ATUALIZAÇÃO
Campo de controle 20240716151615.0
008 - CAMPO DE TAMANHO FIXO
fixed length control field 240716b2017 bl.|r|pooa||| 00| 0 por |
040 ## - FONTE DA CATALOGAÇÃO
Agência catalogadora BR-BrBNA
Idioma da catalogação por
072 ## - CATEGORIA AGRIS
Código AGRIS L70
Código do objeto 5240
072 ## - CATEGORIA AGRIS
Código AGRIS L74
100 ## - ENTRADA PRINCIPAL - NOME PESSOAL
Nome pessoal Antonioli, M.L.
100 ## - ENTRADA PRINCIPAL - NOME PESSOAL
Nome pessoal Carvalho, J.R.G.
100 ## - ENTRADA PRINCIPAL - NOME PESSOAL
Nome pessoal Bustamante, C.C.
100 ## - ENTRADA PRINCIPAL - NOME PESSOAL
Nome pessoal Mendonça, L.F.
100 ## - ENTRADA PRINCIPAL - NOME PESSOAL
Nome pessoal Bergamasco, P.L.F.
100 ## - ENTRADA PRINCIPAL - NOME PESSOAL
Nome pessoal Escobar, A.
100 ## - ENTRADA PRINCIPAL - NOME PESSOAL
Nome pessoal Marques, L.C.
100 ## - ENTRADA PRINCIPAL - NOME PESSOAL
Nome pessoal Canola, P.A.
245 ## - TÍTULO PRINCIPAL
Título principal Atresia anal com fístula retovaginal em ovino: relato de caso
500 ## - NOTA GERAL
Nota geral Publicação online; 14 ref.; 4 illus.; Summaries (En, Pt)
942 ## - ADDED ENTRY ELEMENTS (KOHA)
Koha item type
520 ## - NOTA DE RESUMO
Nota de conteúdo <br/>RESUMO - A atresia anal com fístula retovaginal, é considerada uma afecção congênita rara nos ovinos. Em virtude disso, buscou-se descrever o reparo cirúrgico e cuidados pós-operatórios em uma borrega que apresentava essa afecção. Nesse sentido, uma borrega, sem raça definida, de 25 dias de idade e pesando 7,2kg, apresentou sinais de distensão abdominal e defecação pela vulva. A afecção foi diagnosticada por meio do exame clínico e confirmada radiograficamente, constatando-se atresia anal do tipo III em associação com a fístula.<br/><br/><br/>Palavras-chave: borrega, malformação congênita, atresia anal, cuidado pós-operatório, correção cirúrgica
520 ## - NOTA DE RESUMO
Nota de conteúdo <br/>ABSTRACT - Atresia ani associated with rectovaginal fistula is considered a rare congenital anomaly in sheep. Therefore, the surgical correction and post-operative care of a lamb presenting atresia ani with rectovaginal fistula has been detailed in this case report. A 25-days old, mixed breed lamb, weighing 7.2 kg, showing signs of abdominal bloating, and stool passage through the vulva was admitted at our hospital. An atresia ani type III condition associated with rectovaginal fistula was diagnosed by clinical examination and confirmed by radiographic examination.<br/><br/><br/>Keywords: lamb, congenital malformation, atresia ani, post-operative care, surgical repair
650 ## - ASSUNTO - THESAGRO
Cabeçalho tópico ou nome geográfico OVINO
650 ## - ASSUNTO - THESAGRO
Cabeçalho tópico ou nome geográfico DISTÚRBIO FISIOLÓGICO
650 ## - ASSUNTO - THESAGRO
Cabeçalho tópico ou nome geográfico MALFORMAÇÃO
650 ## - ASSUNTO - THESAGRO
Cabeçalho tópico ou nome geográfico CIRURGIA
650 ## - ASSUNTO - THESAGRO
Cabeçalho tópico ou nome geográfico VETERINÁRIA
773 0# - ENTRADA ANALÍTICA
Host Biblionumber 1643
Registro do item 316243
Imprenta Belo Horizonte-MG Universidade Federal de Minas Gerais - Escola de Veterinaria 1983
Outro identificador 2024-2644
Título Arquivo Brasileiro de Medicina Veterinária e Zootecnia (Brazil)
ISSN 0102-0935
Colação v. 69(5) p. 1167-1171; (2017)
Número de controle de registro BR2024002193
856 ## - ACESSO E ENDEREÇO ELETRÔNICO
Identificador uniforme de recurso - URI https://www.scielo.br/j/abmvz/a/prvBGkB5rZznbjMptr8MkpH/?format=pdf&lang=pt

Nenhum exemplar disponível.

BINAGRI

Telefone: (61)3218-2567/2388/3357/2097 - binagri@agro.gov.br

Ministério da Agricultura e Pecuária , Esplanada dos Ministérios, Bloco D, Anexo B, Brasília/DF, CEP: 70.043-900